000 00809nam a2200229 a 4500
999 _c8147
_d8147
001 8147
003 BD-JhCC
005 20180219083007.0
008 180219s2013 bg a|||| || | 000 0 ben d
035 _a(BD-JhCC)8147
040 _aBD-JhCC
_dBD-JhCC
041 _aben
082 _a791.95492
_bHOS 2013
100 _aহোসেন, মোহাম্মদ জাহাঙ্গীর
245 _aবাংলাদেশের চলচ্চিত্র সাম্প্রতিক প্রসঙ্গ /
_cমোহাম্মদ জাহাঙ্গীর হোসেন,
260 _aঢাকা :
_bরোদেলা প্রকাশনী,
_c2013
300 _a415 p. :
_c22 cm.
650 _aCinema
_zBangladesh
650 _aMotion Picture
942 _2ddc
_cBK